000 00291nam a2200121Ia 4500
008 190216s9999||||xx |||||||||||||| ||und||
100 _aA.Vinod
245 0 _aFinancial Management
250 _aI
260 _bCalicut University Central Co-Operative
_c2006
650 _aCommerce
942 _cBK
999 _c8190
_d8190